| 000 | 00888nam0a22002411 4500 | ||
|---|---|---|---|
| 001 | rc\301216 | ||
| 005 | 20030307121600.0 | ||
| 035 | _a(NLR Aleph) 005537093 | ||
| 090 |
_a5670816 _c5670816 |
||
| 100 | _a20030307d1989 u |0rusy50 ca | ||
| 101 | 0 | _arus | |
| 102 | _aRU | ||
| 105 | _aa ||||||||| | ||
| 200 | 1 |
_aУкрепление здоровья трудящихся - путь повышения производительности труда _f[Т.С. Гольцова, врач], Ин-т "Киеворгстрой" Главкиевстроя, Вист. досягнень нар. гос-ва УРСР |
|
| 210 |
_aКиев _cБ. и. _d1989 |
||
| 215 |
_a8 с. _cил. _d20 |
||
| 700 | 1 |
_aГольцова _bТ. С. |
|
| 712 | 0 | 2 | _a"Киеворгстрой", ин-т |
| 801 | 0 |
_aRU _bNLR _gpsbo |
|
| 801 | 1 |
_aRU _bELAR _2rusmarc |
|
| 852 |
_aNLR _j89-4/24603 |
||
| 942 | _cBOOK | ||
| 980 | _aNB | ||